| 000 | 00589nam a22001697a 4500 | ||
|---|---|---|---|
| 005 | 20260218103610.0 | ||
| 008 | 260218b |||||||| |||| 00| 0 eng d | ||
| 020 | _a9789387791114 | ||
| 040 | _cVITAP | ||
| 082 |
_223rd Ed. _a500 HIN |
||
| 100 |
_aThe Hindu Group _917059 |
||
| 245 |
_aThe Hindu Speaks on Scientific Facts : VOLUME - I _c/ The Hindu Group |
||
| 260 |
_aChennai _bTHG (The Hindu Group) Publishing Private Limited _c2024 |
||
| 300 |
_aXVII, 320p. : ill. ; 21cm _bVOLUME - I |
||
| 650 | 0 |
_aNatural Sciences and Mathematics; Science; Scientific facts _917060 |
|
| 942 |
_2ddc _cBK |
||
| 999 |
_c47261 _d47261 |
||